Things that start with a with picture - Statistics

General Stats
  • This quiz has been taken 62 times
  • The average score is 8 of 10
Answer Stats
Picture Answer % Correct
Airplane/Aeroplane
100%
Ambulance
100%
Angel
100%
Apple
100%
Axe
100%
Airport
94%
Avocado
94%
Apricot
93%
Apartment
87%
Arrow
85%
Acorn
83%
Asparagus
83%
Abacus
71%
Aquarium
65%
Automobile
35%
Altar
22%
No matching quizzes found
Score Distribution
Percent of People with Each Score
Percentile by Number Answered
Your Score History
You have not taken this quiz